[Event "GER-ch 92nd"]
[Site "Magdeburg"]
[Date "2021.07.29"]
[Round "7"]
[White "Matthes, Aaron"]
[Black "Lampe, Dirk"]
[Result "1/2-1/2"]
[WhiteElo "2035"]
[BlackElo "2160"]
[EventDate "2021.07.25"]
[PlyCount "115"]

1. d4 Nf6 2. c4 g6 3. Nc3 Bg7 4. e4 d6 5. Nf3 O-O 6. Be2 e5 7. Be3 exd4 8. Nxd4 Re8 9. f3 c6 10. Bf2 d5 11. exd5 cxd5 12. O-O Nc6 13. c5 Bf8 14. Kh1 Bd7 15. Qd2 Rc8 16. Nxc6 bxc6 17. b4 Nh5 18. Ba6 Rb8 19. Ne2 Bc8 20. Bd3 Ng7 21. Nd4 Bd7 22. a4 Ne6 23. Rab1 Nxd4 24. Bxd4 Qh4 25. Bf2 Bh6 26. Qc3 Qe7 27. Rfe1 Qf8 28. b5 Rxe1+ 29. Qxe1 Re8 30. Qg1 Bf4 31. b6 Ra8 32. g3 Bd2 33. b7 Rb8 34. Bd4 Qe7 35. Qf2 Ba5 36. Qb2 Bc7 37. Qc3 a5 38. Re1 Be6 39. Ba6 h5 40. Bh8 Qf8 41. Be5 Qd8 42. Bf6 Qf8 43. Qe3 Kh7 44. Qd4 Qe8 45. Qh4 Bd8 46. Bxd8 Qxd8 47. Qf4 Kg8 48. Rb1 Kh7 49. Bd3 Qh8 50. Qd2 Qf6 51. Kg2 Qe7 52. Qxa5 Rxb7 53. Rxb7 Qxb7 54. Qb6 Qd7 55. a5 d4 56. Qb2 Qd5 57. Qc2 Bf5 58. Bxf5 1/2-1/2

[Event "GER-ch 92nd"]
[Site "Magdeburg"]
[Date "2021.07.29"]
[Round "7"]
[White "Niering, Martin"]
[Black "Dyballa, Gerhard"]
[Result "1-0"]
[WhiteElo "2200"]
[BlackElo "1960"]
[EventDate "2021.07.25"]
[PlyCount "123"]

1. e4 e6 2. d4 d5 3. e5 c5 4. c3 Qb6 5. Nf3 Nc6 6. Be2 cxd4 7. cxd4 Nge7 8. Na3 Nf5 9. Nc2 Be7 10. O-O O-O 11. b4 Bd7 12. a3 Rac8 13. Bf4 a6 14. Bd3 Na7 15. g4 Nh4 16. Nxh4 Bxh4 17. a4 Be7 18. Qd2 Qc7 19. Qe3 Qc3 20. Rfb1 g6 21. Bg3 Qc7 22. h4 Qd8 23. Kg2 f6 24. Rh1 Nc6 25. b5 axb5 26. axb5 Na5 27. exf6 Bxf6 28. g5 Bg7 29. Rxa5 Qxa5 30. h5 Rc3 31. hxg6 hxg6 32. Bd6 Rf5 33. f4 Kf7 34. Bb4 Rxd3 35. Qxd3 Qxb5 36. Qe3 Qc4 37. Rc1 Bb5 38. Bd6 Qa2 39. Kg3 Bc4 40. Qc3 Qa6 41. Qb4 Qb5 42. Qxb5 Bxb5 43. Ne3 Bxd4 44. Rc7+ Kg8 45. Nxf5 exf5 46. Rxb7 Be8 47. Be5 Be3 48. Kf3 Bg1 49. Re7 Bf7 50. Rd7 Be8 51. Rc7 Bb6 52. Rb7 Bg1 53. Ke2 Bc6 54. Rg7+ Kf8 55. Rxg6 Bb5+ 56. Kd2 Ke7 57. Rd6 Bc4 58. g6 d4 59. g7 Be3+ 60. Kc2 Ba2 61. Kd3 Kf7 62. Rd8 1-0

[Event "GER-ch 92nd"]
[Site "Magdeburg"]
[Date "2021.07.29"]
[Round "7"]
[White "Rosner, Jonas"]
[Black "Ehmann, Thilo"]
[Result "1-0"]
[WhiteElo "2434"]
[BlackElo "2342"]
[EventDate "2021.07.25"]
[PlyCount "75"]

1. c4 g6 2. Nf3 Bg7 3. d4 Nf6 4. g3 O-O 5. Bg2 d5 6. cxd5 Nxd5 7. O-O Nc6 8. e4 Nb6 9. d5 Na5 10. Qe1 Nac4 11. Nc3 e6 12. Bg5 f6 13. Bc1 Re8 14. dxe6 Bxe6 15. b3 Nd6 16. Bb2 f5 17. e5 Nf7 18. Rd1 Qc8 19. Qe2 c6 20. Rfe1 Qc7 21. Qc2 Qc8 22. Re2 Bd7 23. Rde1 g5 24. h3 h5 25. h4 g4 26. Ng5 Nxg5 27. hxg5 Be6 28. f4 gxf3 29. Bxf3 Bf7 30. e6 Rxe6 31. Rxe6 Bxe6 32. Ne2 Bd5 33. Bxg7 Bxf3 34. Nf4 Qd7 35. Ba1 Be4 36. Qc3 Kh7 37. Qf6 Kg8 38. g6 1-0

[Event "GER-ch 92nd"]
[Site "Magdeburg"]
[Date "2021.07.29"]
[Round "7"]
[White "Schulte, Felix"]
[Black "Dobrikov, Marco"]
[Result "0-1"]
[WhiteElo "2162"]
[BlackElo "2311"]
[EventDate "2021.07.25"]
[PlyCount "36"]

1. d4 g6 2. e4 Bg7 3. Nf3 d6 4. Bc4 Nf6 5. Qe2 O-O 6. e5 dxe5 7. dxe5 Nd5 8. O-O Bg4 9. Qe4 Bxf3 10. Qxf3 e6 11. Nc3 c6 12. Bxd5 cxd5 13. Bf4 Nc6 14. Rfe1 Qb6 15. Rab1 Rac8 16. h4 d4 17. Ne2 Nxe5 18. Qe4 f5 0-1

[Event "GER-ch 92nd"]
[Site "Magdeburg"]
[Date "2021.07.29"]
[Round "7"]
[White "Schulz, Karsten"]
[Black "Roseneck, Jonas"]
[Result "0-1"]
[WhiteElo "2302"]
[BlackElo "2401"]
[EventDate "2021.07.25"]
[PlyCount "94"]

1. Nf3 Nf6 2. g3 g6 3. b3 Bg7 4. Bb2 O-O 5. Bg2 d5 6. c4 Nc6 7. cxd5 Nxd5 8. Bxg7 Kxg7 9. d4 Bg4 10. O-O Qd6 11. h3 Bxf3 12. Bxf3 Rad8 13. e4 Nb6 14. d5 Qf6 15. Nd2 Nd4 16. Bg2 c6 17. Re1 cxd5 18. exd5 Nxd5 19. Ne4 Qb6 20. Rc1 Nb4 21. Nd2 Nd3 22. Nc4 Nxc1 23. Nxb6 Nde2+ 24. Kf1 Rxd1 25. Rxd1 axb6 26. Bf3 Ra8 27. Bxe2 Nxe2 28. Kxe2 Rxa2+ 29. Ke3 Rc2 30. Rd3 Kf6 31. f4 b5 32. Ke4 Ke6 33. g4 Rc5 34. Re3 b4 35. f5+ gxf5+ 36. Kf4+ Kd6 37. gxf5 Rc3 38. Re4 Rxb3 39. h4 Rb1 40. Kg5 b3 41. Kh6 Kc5 42. Rxe7 Rh1 43. Rxb7 Rxh4+ 44. Kg7 Rb4 45. Rc7+ Kd4 46. Rc1 b2 47. Rb1 Kc3 0-1

[Event "GER-ch 92nd"]
[Site "Magdeburg"]
[Date "2021.07.29"]
[Round "7"]
[White "Stern, Rene"]
[Black "Poetsch, Hagen"]
[Result "1-0"]
[WhiteElo "2517"]
[BlackElo "2525"]
[EventDate "2021.07.25"]
[PlyCount "145"]

1. Nf3 d5 2. d4 Nf6 3. c4 c6 4. e3 Bf5 5. cxd5 cxd5 6. Qb3 Qc7 7. Bd2 Nc6 8. Bb5 e6 9. O-O Bd6 10. Bb4 O-O 11. Bxc6 bxc6 12. Bxd6 Qxd6 13. Nbd2 Rab8 14. Qc3 Nd7 15. Rfc1 Rfc8 16. Ne5 Nxe5 17. dxe5 Qb4 18. Qxb4 Rxb4 19. b3 c5 20. Rc3 f6 21. Rac1 Rb5 22. Nf3 Ra5 23. exf6 Rxa2 24. Nd4 gxf6 25. h3 Ra6 26. Nxf5 exf5 27. Rxc5 Rxc5 28. Rxc5 Rd6 29. Rc8+ Kf7 30. Rc7+ Kg6 31. Rxa7 d4 32. exd4 Rxd4 33. Ra1 Rb4 34. Rb1 f4 35. Kf1 Kf5 36. Ke2 Ke4 37. Rb2 h5 38. Rb1 f3+ 39. gxf3+ Kf4 40. Rb2 Kg5 41. Kf1 Kf4 42. Kg2 f5 43. h4 Rb6 44. b4 Rg6+ 45. Kf1 Kxf3 46. Rb3+ Kf4 47. b5 Rb6 48. Kg2 Rg6+ 49. Kh3 Rb6 50. f3 Ke5 51. Kg3 f4+ 52. Kf2 Kd4 53. Rb4+ Kd3 54. Rxf4 Rxb5 55. Re4 Ra5 56. Kg3 Rf5 57. Rf4 Re5 58. Rf8 Ke3 59. Rf7 Ke2 60. Kf4 Ra5 61. Rb7 Ra4+ 62. Kg3 Ra8 63. Re7+ Kd3 64. Re5 Rh8 65. f4 Kd4 66. Kf3 Rh7 67. Ra5 Rh8 68. f5 Rg8 69. f6 Rg6 70. Rf5 Rg1 71. Kf2 Rg8 72. f7 Rf8 73. Kf3 1-0

[Event "GER-ch 92nd"]
[Site "Magdeburg"]
[Date "2021.07.30"]
[Round "8"]
[White "Belezky, Alexander"]
[Black "Schulte, Felix"]
[Result "0-1"]
[WhiteElo "2377"]
[BlackElo "2162"]
[EventDate "2021.07.25"]
[PlyCount "66"]

1. Nf3 d5 2. g3 Nd7 3. d4 Nb6 4. a4 a5 5. Bg2 Bf5 6. O-O Nf6 7. Ne5 c6 8. e3 h5 9. Nd2 e6 10. h3 Bd6 11. c4 dxc4 12. Ndxc4 Nxc4 13. Nxc4 Bc7 14. Qe2 Ne4 15. Nd2 Ng5 16. h4 Bg4 17. f3 Nh3+ 18. Kh1 Bxg3 19. fxg4 Qxh4 20. Bxh3 Qxh3+ 21. Kg1 hxg4 22. Qg2 Bh2+ 23. Kh1 Qxe3 24. Qxh2 Rxh2+ 25. Kxh2 O-O-O 26. Ra3 Qe2+ 27. Kg1 Rh8 28. Rf2 Rh1+ 29. Kxh1 Qxf2 30. Rc3 g3 31. Nf3 g2+ 32. Kh2 g1=Q+ 33. Kh3 Qfg3# 0-1

[Event "GER-ch 92nd"]
[Site "Magdeburg"]
[Date "2021.07.30"]
[Round "8"]
[White "Biastoch, Bennet"]
[Black "Matthes, Aaron"]
[Result "1/2-1/2"]
[WhiteElo "2266"]
[BlackElo "2035"]
[EventDate "2021.07.25"]
[PlyCount "147"]

1. e4 c5 2. Nf3 d6 3. d4 cxd4 4. Nxd4 Nf6 5. Nc3 Nc6 6. Bc4 Qb6 7. Nb3 e6 8. O-O Be7 9. Be3 Qc7 10. f4 a6 11. a4 Na5 12. Nxa5 Qxa5 13. Bd3 O-O 14. Qe1 Rd8 15. Qg3 Bd7 16. e5 Ne8 17. Qf2 dxe5 18. fxe5 f5 19. Bb6 Qxe5 20. Rae1 Qd6 21. Bxd8 Bxd8 22. Qf4 Qb6+ 23. Kh1 Bc7 24. Qf2 Qd6 25. g3 Bb6 26. Qf3 Nf6 27. Bc4 Bc6 28. Rxe6 Bxf3+ 29. Rxf3 Qxe6 30. Bxe6+ Kf8 31. Bxf5 Re8 32. Bxh7 Re1+ 33. Kg2 Ke7 34. Bd3 Bd4 35. Bg6 Ng4 36. Rf7+ Ke6 37. Rf4 Rg1+ 38. Kh3 Nf2+ 39. Kh4 Bf6+ 40. Kh5 Rg2 41. h4 Nh1 42. Ne4 Nxg3+ 43. Nxg3 Rxg3 44. Rb4 Rh3 45. Bd3 a5 46. Rb6+ Ke5 47. Rb5+ Kd6 48. Rxa5 Rxh4+ 49. Kg6 Bxb2 50. Rb5 Bf6 51. a5 Rg4+ 52. Kf7 Rg5 53. Bf5 Bd4 54. c4 Be3 55. Rd5+ Kc7 56. Ke6 g6 57. Rd7+ Kc8 58. Be4 Re5+ 59. Kxe5 Kxd7 60. Bxb7 Kc7 61. Be4 Bd2 62. a6 Kb6 63. Bb7 g5 64. c5+ Ka7 65. Kd6 Bf4+ 66. Ke6 Kb8 67. Kd7 g4 68. Kc6 g3 69. Kb6 Bc7+ 70. Kb5 Bf4 71. Bg2 Bc7 72. Bf3 Bf4 73. Kc6 Ka7 74. Kb5 1/2-1/2

[Event "GER-ch 92nd"]
[Site "Magdeburg"]
[Date "2021.07.30"]
[Round "8"]
[White "Dobrikov, Marco"]
[Black "Colbow, Collin"]
[Result "1/2-1/2"]
[WhiteElo "2311"]
[BlackElo "2353"]
[EventDate "2021.07.25"]
[PlyCount "96"]

1. c4 c5 2. Nf3 Nc6 3. d4 cxd4 4. Nxd4 e6 5. Nc3 Nf6 6. g3 Bb4 7. Bg2 O-O 8. O-O d5 9. cxd5 exd5 10. Bg5 Bxc3 11. bxc3 Be6 12. Rb1 Nxd4 13. cxd4 b6 14. e4 dxe4 15. Bxe4 Rc8 16. d5 Bh3 17. Bxf6 Qxf6 18. Qh5 Qh6 19. Qxh6 gxh6 20. Rfc1 Rfe8 21. f3 Bd7 22. d6 Rxc1+ 23. Rxc1 Be6 24. a3 Rd8 25. Rd1 a5 26. Kf2 b5 27. Ke3 b4 28. axb4 axb4 29. Kf4 f6 30. Bf5 Kf7 31. Rd4 Bxf5 32. Kxf5 Rb8 33. d7 Ke7 34. Re4+ Kxd7 35. Kxf6 b3 36. Re1 b2 37. Rb1 Kd6 38. Kg7 Rb7+ 39. Kxh6 Ke5 40. h4 Kd4 41. g4 Ke3 42. g5 Kxf3 43. h5 Ke4 44. g6 hxg6 45. hxg6 Kd3 46. g7 Rxg7 47. Kxg7 Kc2 48. Rxb2+ Kxb2 1/2-1/2

[Event "GER-ch 92nd"]
[Site "Magdeburg"]
[Date "2021.07.30"]
[Round "8"]
[White "Dyballa, Gerhard"]
[Black "Geue, Niklas"]
[Result "0-1"]
[WhiteElo "1960"]
[BlackElo "2121"]
[EventDate "2021.07.25"]
[PlyCount "96"]

1. c4 c5 2. Nc3 g6 3. g3 Bg7 4. Bg2 Nc6 5. Nf3 d6 6. O-O Bf5 7. d3 Qd7 8. Bd2 Bh3 9. Ng5 Bxg2 10. Kxg2 h6 11. Nf3 e6 12. Rb1 Nge7 13. a3 O-O 14. b4 b6 15. b5 Nd8 16. a4 f5 17. Qc1 Nf7 18. h4 d5 19. cxd5 exd5 20. a5 d4 21. Na4 Nd5 22. Qc4 Kh7 23. e4 dxe3 24. fxe3 Qb7 25. e4 fxe4 26. dxe4 Nf6 27. Rbe1 Rae8 28. a6 Qa8 29. Nc3 Nd6 30. Qd3 Nfxe4 31. Nxe4 Nxe4 32. Bf4 Nf6 33. Kg1 Qd5 34. Qxd5 Nxd5 35. Rxe8 Rxe8 36. Re1 Rxe1+ 37. Nxe1 Nc3 38. Bb8 Nxb5 39. Nc2 Kg8 40. Kf2 Kf7 41. Na3 Nxa3 42. Bxa7 Bd4+ 43. Ke2 c4 44. Bb8 Nb5 45. a7 Nxa7 46. Bxa7 Ke6 47. Bb8 b5 48. Bf4 h5 0-1

[Event "GER-ch 92nd"]
[Site "Magdeburg"]
[Date "2021.07.30"]
[Round "8"]
[White "Ehmann, Thilo"]
[Black "Poetsch, Hagen"]
[Result "1/2-1/2"]
[WhiteElo "2342"]
[BlackElo "2525"]
[EventDate "2021.07.25"]
[PlyCount "95"]

1. e4 d5 2. Nc3 dxe4 3. Nxe4 Nc6 4. Bc4 Nf6 5. Ng3 h5 6. h3 h4 7. N3e2 e5 8. d3 Na5 9. Bb3 Nxb3 10. axb3 b6 11. Nc3 Bb7 12. Nf3 e4 13. Qe2 Qe7 14. dxe4 Nxe4 15. Nxe4 Qxe4 16. Be3 a5 17. O-O-O Be7 18. Rhe1 O-O 19. Bxb6 Qxe2 20. Rxe2 Rfe8 21. Rde1 Bxf3 22. gxf3 Bg5+ 23. Be3 Bf6 24. c3 Reb8 25. Kc2 Rb5 26. Bd2 Kh7 27. Ra1 g5 28. f4 gxf4 29. Bxf4 Ra7 30. Ra4 Rab7 31. Bc1 Rf5 32. Rf4 Rbb5 33. Ree4 Rxf4 34. Rxf4 Kg6 35. Rg4+ Kf5 36. Rc4 Bd8 37. Be3 Ke6 38. Rc6+ Kd5 39. Rc4 Ke6 40. Re4+ Kf5 41. f3 Bg5 42. c4 Rb8 43. Bf2 Rg8 44. Bxh4 Bxh4 45. Rxh4 Rg2+ 46. Kc3 Rg3 47. Rh5+ Ke6 48. Rxa5 1/2-1/2

[Event "GER-ch 92nd"]
[Site "Magdeburg"]
[Date "2021.07.30"]
[Round "8"]
[White "Gutkin, Ilya"]
[Black "Paehtz, Thomas Sr"]
[Result "1-0"]
[WhiteElo "2304"]
[BlackElo "2350"]
[EventDate "2021.07.25"]
[PlyCount "67"]

1. Nf3 Nf6 2. g3 g6 3. b3 Bg7 4. Bb2 d6 5. d4 c5 6. Bg2 Qa5+ 7. Qd2 Qxd2+ 8. Nbxd2 Na6 9. O-O-O O-O 10. e4 cxd4 11. Bxd4 Nb4 12. Kb1 Nc6 13. Bb2 Ng4 14. Rhf1 f5 15. h3 Bxb2 16. Kxb2 Nf6 17. exf5 gxf5 18. Nc4 Bd7 19. Rfe1 Rad8 20. Nd4 Kf7 21. Nb5 Bc8 22. Bxc6 bxc6 23. Nxa7 Bd7 24. Nb6 Be8 25. Nac8 Ng8 26. c4 Kf6 27. c5 d5 28. f4 Bh5 29. Na7 Bxd1 30. Rxd1 e5 31. fxe5+ Kxe5 32. Nxc6+ Ke4 33. Nxd8 Rxd8 34. c6 1-0

[Event "GER-ch 92nd"]
[Site "Magdeburg"]
[Date "2021.07.30"]
[Round "8"]
[White "Krassowizkij, Jaroslaw"]
[Black "Kunin, Vitaly L"]
[Result "1-0"]
[WhiteElo "2448"]
[BlackElo "2567"]
[EventDate "2021.07.25"]
[PlyCount "61"]

1. e4 c5 2. Nf3 Nc6 3. Bb5 Qb6 4. Nc3 e6 5. Bxc6 Qxc6 6. d4 cxd4 7. Nxd4 Qc7 8. O-O a6 9. Re1 Bc5 10. e5 Ne7 11. Ne4 b6 12. Nb3 O-O 13. Nbxc5 bxc5 14. Bg5 Ng6 15. Nf6+ gxf6 16. Bxf6 h6 17. Re3 Qc6 18. Rh3 Bb7 19. f3 Qa4 20. Qc1 Qd4+ 21. Kh1 Qf4 22. Qxf4 Nxf4 23. Rxh6 Ng6 24. h4 Bc6 25. h5 Rfb8 26. Kh2 Rxb2 27. Kg3 d6 28. hxg6 fxg6 29. Rah1 dxe5 30. Bxe5 Rb3 31. Rh8+ 1-0

[Event "GER-ch 92nd"]
[Site "Magdeburg"]
[Date "2021.07.30"]
[Round "8"]
[White "Kuhn, Patrick"]
[Black "Niering, Martin"]
[Result "1/2-1/2"]
[WhiteElo "2073"]
[BlackElo "2200"]
[EventDate "2021.07.25"]
[PlyCount "61"]

1. c4 Nf6 2. Nc3 g6 3. g3 Bg7 4. Bg2 O-O 5. e4 c5 6. Nge2 Nc6 7. O-O Ne8 8. d3 Nc7 9. Be3 Ne6 10. Qd2 d6 11. Bh6 Ned4 12. Bxg7 Kxg7 13. Nxd4 Nxd4 14. Ne2 Nxe2+ 15. Qxe2 e5 16. f4 f6 17. f5 g5 18. h4 gxh4 19. Qg4+ Kh8 20. Qxh4 Bd7 21. Kf2 Qb6 22. b3 Qa5 23. Qh6 Rf7 24. Bf3 Rg8 25. Bh5 Rg5 26. Rfd1 Rfg7 27. Qxf6 Rxh5 28. Qf8+ Rg8 29. Qf6+ Rg7 30. Qf8+ Rg8 31. Qf6+ 1/2-1/2

[Event "GER-ch 92nd"]
[Site "Magdeburg"]
[Date "2021.07.30"]
[Round "8"]
[White "Lampe, Dirk"]
[Black "Schulz, Karsten"]
[Result "1/2-1/2"]
[WhiteElo "2160"]
[BlackElo "2302"]
[EventDate "2021.07.25"]
[PlyCount "61"]

1. e4 e6 2. d4 b6 3. Nf3 Bb7 4. Bd3 g6 5. O-O Bg7 6. e5 d6 7. Re1 Nd7 8. exd6 cxd6 9. Bf4 Qe7 10. Na3 Rd8 11. c3 Ngf6 12. Nb5 Nb8 13. Qa4 O-O 14. Qxa7 Nc6 15. Qa3 e5 16. Bg5 h6 17. d5 hxg5 18. dxc6 Bxc6 19. Nxe5 Qxe5 20. Rxe5 dxe5 21. Bc4 Rd2 22. b4 Rfd8 23. Qb3 R8d7 24. a4 Ng4 25. Ra2 Rd1+ 26. Bf1 Re1 27. Re2 Rc1 28. Rc2 Re1 29. Re2 Rc1 30. Rc2 Re1 31. Re2 1/2-1/2

[Event "GER-ch 92nd"]
[Site "Magdeburg"]
[Date "2021.07.30"]
[Round "8"]
[White "Muckle, Julius"]
[Black "Braun, Georg"]
[Result "0-1"]
[WhiteElo "2423"]
[BlackElo "2375"]
[EventDate "2021.07.25"]
[PlyCount "118"]

1. d4 d5 2. c4 e6 3. Nf3 a6 4. e3 Nf6 5. Nc3 Nbd7 6. b3 b6 7. Bd3 Bb7 8. O-O Bd6 9. Qc2 dxc4 10. bxc4 c5 11. Ne4 Nxe4 12. Bxe4 Bxe4 13. Qxe4 O-O 14. Bb2 Nf6 15. Qh4 Nd7 16. Qg4 Nf6 17. Qh4 Be7 18. Rfd1 Qc7 19. g4 Qb7 20. Qh3 Rfd8 21. g5 Ne4 22. Qg4 cxd4 23. exd4 Rac8 24. Rac1 Bf8 25. h4 Re8 26. Re1 f5 27. gxf6 Nxf6 28. Qh3 Nh5 29. Qg4 Nf6 30. Qh3 Nh5 31. Re3 Bd6 32. Rce1 Nf4 33. Qf1 Qf7 34. Bc1 Qg6+ 35. Kh1 Qg4 36. Rb3 Rf8 37. Bxf4 Qxf4 38. Qh3 Kh8 39. Qxe6 Bb4 40. Ree3 a5 41. a3 Bd6 42. Rxb6 Rcd8 43. c5 Bc7 44. Rb1 Rxd4 45. Rg1 h6 46. Rg3 Rc4 47. Kg2 Rc2 48. Rg4 Qf7 49. Qc6 Bf4 50. Re6 Qf5 51. Rgg6 Rxc5 52. Qb7 Rc7 53. Qb2 Kh7 54. Qb3 Rd7 55. a4 Rd3 56. Qb2 Rf7 57. Qe2 Bc7 58. Ng1 Rc3 59. Nh3 Qxh3+ 0-1

[Event "GER-ch 92nd"]
[Site "Magdeburg"]
[Date "2021.07.30"]
[Round "8"]
[White "Neyman, Igor"]
[Black "Voege, Tobias"]
[Result "1/2-1/2"]
[WhiteElo "2325"]
[BlackElo "2324"]
[EventDate "2021.07.25"]
[PlyCount "81"]

1. d4 e6 2. c4 Bb4+ 3. Bd2 a5 4. Nc3 Nf6 5. Qc2 d5 6. e3 O-O 7. Nf3 b6 8. cxd5 exd5 9. Ne5 c5 10. Be2 Ba6 11. Bxa6 Nxa6 12. O-O Rc8 13. Qa4 Qe8 14. Qxe8 Rfxe8 15. f3 cxd4 16. exd4 Nc5 17. Rfd1 Ne6 18. Nb5 Nxd4 19. Nxd4 Bxd2 20. Rxd2 Rxe5 21. Rad1 Kf8 22. Kf2 Re7 23. Rd3 Rc5 24. g4 h6 25. Rb3 Rb7 26. Rd2 b5 27. Rbd3 a4 28. Nf5 Rbc7 29. Ne3 b4 30. Rd4 Rb5 31. h4 g5 32. h5 Kg8 33. Kg3 Kh7 34. Nxd5 Nxd5 35. Rxd5 Rxd5 36. Rxd5 Rc2 37. Ra5 Rxb2 38. Rxa4 Kg7 39. Ra6 b3 40. axb3 Rxb3 41. Rc6 1/2-1/2

[Event "GER-ch 92nd"]
[Site "Magdeburg"]
[Date "2021.07.30"]
[Round "8"]
[White "Nguyen, Alex Dac Vuong"]
[Black "Laux, Dominik"]
[Result "1-0"]
[WhiteElo "2298"]
[BlackElo "2085"]
[EventDate "2021.07.25"]
[PlyCount "151"]

1. c4 e5 2. g3 Nf6 3. Bg2 h6 4. Nf3 e4 5. Nd4 c6 6. O-O d5 7. d3 exd3 8. Qxd3 dxc4 9. Qxc4 Be7 10. Nc3 O-O 11. Rd1 Qa5 12. h3 Qa6 13. Qb3 Re8 14. e4 Nbd7 15. Be3 Nc5 16. Qc2 Ne6 17. e5 Nxd4 18. Bxd4 Nh7 19. f4 Nf8 20. f5 Bd8 21. e6 fxe6 22. f6 gxf6 23. Ne4 e5 24. Be3 Kg7 25. Qf2 Nh7 26. Nd6 Re7 27. Nxc8 Rxc8 28. Qf5 Bb6 29. Qxc8 Bxe3+ 30. Kh1 Bd4 31. Rd2 Qc4 32. Qg4+ Ng5 33. Re1 Qf7 34. Rde2 Rc7 35. Rf1 Qg6 36. h4 Nf7 37. Qe6 f5 38. Qxf5 Qxf5 39. Rxf5 Nd6 40. Rf1 c5 41. a4 a6 42. Kh2 c4 43. g4 b5 44. axb5 axb5 45. g5 hxg5 46. hxg5 b4 47. Kh3 c3 48. bxc3 Rxc3+ 49. Kg4 Nc4 50. Bd5 Ne3+ 51. Rxe3 Bxe3 52. Rf7+ Kg6 53. Rf6+ Kg7 54. Rf7+ Kg6 55. Rb7 Bxg5 56. Be4+ Kf6 57. Rb6+ Ke7 58. Kxg5 Rc7 59. Kf5 b3 60. Kxe5 Rc5+ 61. Bd5 Rc7 62. Bxb3 Rc5+ 63. Bd5 Rc7 64. Rh6 Kd7 65. Rh7+ Kd8 66. Rh8+ Ke7 67. Rh1 Kd7 68. Rh6 Ke7 69. Bc6 Kf8 70. Kd6 Rg7 71. Bd5 Rg5 72. Rh7 Rg6+ 73. Be6 Rg5 74. Rf7+ Ke8 75. Rf6 Rg7 76. Rh6 1-0

[Event "GER-ch 92nd"]
[Site "Magdeburg"]
[Date "2021.07.30"]
[Round "8"]
[White "Pajeken, Jakob Leon"]
[Black "Kolb, Tobias"]
[Result "1/2-1/2"]
[WhiteElo "2328"]
[BlackElo "2307"]
[EventDate "2021.07.25"]
[PlyCount "97"]

1. d4 d5 2. Nf3 Nf6 3. c4 e6 4. g3 Be7 5. Bg2 O-O 6. Nc3 c6 7. O-O b6 8. Qd3 Nbd7 9. e4 dxe4 10. Nxe4 Bb7 11. Nxf6+ Nxf6 12. Ne5 Nd7 13. Nf3 c5 14. Ng5 Bxg5 15. Bxb7 Bxc1 16. Raxc1 Rb8 17. Bg2 cxd4 18. Qxd4 Nc5 19. Qc3 a5 20. b3 Qd3 21. Qxd3 Nxd3 22. Rcd1 Rfd8 23. Rd2 Nc5 24. Rfd1 Rxd2 25. Rxd2 Kf8 26. Kf1 Ke7 27. Ke2 g5 28. Rb2 b5 29. cxb5 Rxb5 30. Rc2 Kd6 31. Ke3 Rb4 32. Rd2+ Ke5 33. f4+ gxf4+ 34. gxf4+ Rxf4 35. Rc2 Nd7 36. Rc7 Nf6 37. Rc5+ Nd5+ 38. Bxd5 exd5 39. Rxd5+ Kxd5 40. Kxf4 Kd4 41. a3 Kc3 42. b4 axb4 43. axb4 Kxb4 44. Kg5 Kc5 45. Kf6 Kd5 46. Kxf7 Ke5 47. Kg7 Kf4 48. Kxh7 Kg4 49. h3+ 1/2-1/2

[Event "GER-ch 92nd"]
[Site "Magdeburg"]
[Date "2021.07.30"]
[Round "8"]
[White "Roseneck, Jonas"]
[Black "Enders, Peter"]
[Result "1-0"]
[WhiteElo "2401"]
[BlackElo "2447"]
[EventDate "2021.07.25"]
[PlyCount "77"]

1. e4 e6 2. d4 d5 3. Nd2 Nf6 4. e5 Nfd7 5. Bd3 c5 6. c3 Nc6 7. Ne2 cxd4 8. cxd4 f6 9. exf6 Nxf6 10. Nf3 Bd6 11. O-O Qc7 12. h3 O-O 13. Be3 a6 14. Rc1 Nh5 15. Ng5 g6 16. Qd2 Qe7 17. f4 Bd7 18. a3 Na7 19. g4 Nf6 20. Nc3 Nb5 21. Bb1 Nxc3 22. Rxc3 b5 23. b4 a5 24. Rc5 axb4 25. axb4 Ra1 26. Nf3 Rxb1 27. Rxb1 Ne4 28. Qh2 g5 29. Ne5 Bxe5 30. fxe5 Nxc5 31. bxc5 Rf3 32. Re1 h6 33. Qg2 Rf8 34. Rf1 Ra8 35. Qc2 Be8 36. Rf6 b4 37. Rxh6 Qb7 38. c6 Bxc6 39. Qg6+ 1-0

[Event "GER-ch 92nd"]
[Site "Magdeburg"]
[Date "2021.07.30"]
[Round "8"]
[White "Rosner, Jonas"]
[Black "Feuerstack, Aljoscha"]
[Result "1/2-1/2"]
[WhiteElo "2434"]
[BlackElo "2473"]
[EventDate "2021.07.25"]
[PlyCount "71"]

1. c4 Nf6 2. Nf3 c5 3. Nc3 e6 4. e3 Nc6 5. d4 d5 6. cxd5 Nxd5 7. Bd3 Be7 8. a3 O-O 9. Nxd5 Qxd5 10. Qc2 h6 11. Bh7+ Kh8 12. Be4 Qd6 13. dxc5 Qxc5 14. Qxc5 Bxc5 15. b4 Bb6 16. Bb2 Bd7 17. O-O Rfd8 18. Rfd1 Be8 19. Kf1 Rxd1+ 20. Rxd1 Rd8 21. Rxd8 Bxd8 22. g4 Kg8 23. Ke2 Bc7 24. h4 f6 25. Bd3 Kf7 26. Bc4 Bd7 27. Bc3 Ke7 28. g5 hxg5 29. hxg5 e5 30. gxf6+ gxf6 31. Nd2 f5 32. f3 Be8 33. Bd3 Ke6 34. Bc4+ Ke7 35. Bd3 Ke6 36. Bc4+ 1/2-1/2

[Event "GER-ch 92nd"]
[Site "Magdeburg"]
[Date "2021.07.30"]
[Round "8"]
[White "Stork, Oliver"]
[Black "Fromm, Marius"]
[Result "1/2-1/2"]
[WhiteElo "2394"]
[BlackElo "2326"]
[EventDate "2021.07.25"]
[PlyCount "136"]

1. c4 c5 2. Nf3 Nc6 3. e3 Nf6 4. Nc3 e5 5. d4 e4 6. d5 exf3 7. dxc6 bxc6 8. Qxf3 Bd6 9. g4 h6 10. h4 Qe7 11. Bd3 h5 12. g5 Ng4 13. b3 Ne5 14. Qd1 Bc7 15. Bb2 d5 16. cxd5 Bg4 17. Be2 Rd8 18. f3 Be6 19. Qc2 cxd5 20. Nb5 Bb8 21. Ba3 Rc8 22. Kf2 O-O 23. Rac1 Nd7 24. Nd4 Rfe8 25. Qd2 Bd6 26. Nb5 Bb8 27. Nd4 Nb6 28. f4 g6 29. Nxe6 fxe6 30. Qc2 Qf7 31. Bxc5 Nd7 32. b4 Nxc5 33. bxc5 Bd6 34. Bd3 Rxc5 35. Qb1 Kg7 36. Ke2 e5 37. fxe5 Rxe5 38. Rhf1 Qd7 39. Rxc5 Bxc5 40. Rf3 Qg4 41. Qb2 d4 42. e4 Qxh4 43. Qb7+ Re7 44. Qd5 Qh2+ 45. Kd1 Qd6 46. Rf6 Qxd5 47. exd5 Re5 48. Rxg6+ Kf7 49. Rc6 Bb6 50. g6+ Kg7 51. Rd6 Re7 52. Bf5 h4 53. Kc2 Rc7+ 54. Kb2 Re7 55. a4 Re2+ 56. Kb3 Re7 57. Kb4 d3 58. Bxd3 h3 59. Re6 Rxe6 60. dxe6 Kf6 61. Bc4 h2 62. Bd5 Bd8 63. Kb5 Kxg6 64. Kc6 Kf6 65. Kd7 Be7 66. a5 Bb4 67. Bh1 Ba3 68. a6 Ke5 1/2-1/2

[Event "GER-ch 92nd"]
[Site "Magdeburg"]
[Date "2021.07.30"]
[Round "8"]
[White "Svane, Frederik"]
[Black "Krastev, Alexander"]
[Result "1-0"]
[WhiteElo "2438"]
[BlackElo "2380"]
[EventDate "2021.07.25"]
[PlyCount "123"]

1. Nf3 c5 2. e4 Nf6 3. e5 Nd5 4. Nc3 e6 5. Nxd5 exd5 6. d4 Nc6 7. dxc5 Bxc5 8. Qxd5 d6 9. exd6 Qb6 10. Qe4+ Be6 11. Qh4 Bxd6 12. Bd3 Nb4 13. O-O Nxd3 14. Qa4+ Qc6 15. Qxc6+ bxc6 16. cxd3 O-O 17. Bd2 a5 18. Nd4 Bd7 19. Bc3 a4 20. Nc2 Rfd8 21. Rfe1 f6 22. h3 Kf7 23. Red1 h5 24. Kf1 Be6 25. Nd4 Bd5 26. Nf5 Be6 27. Nd4 Bd5 28. Nf5 Be6 29. Ne3 Rab8 30. Ke2 Re8 31. Kd2 h4 32. Kc2 Rb5 33. Rg1 Bf4 34. Bd2 Reb8 35. Bc3 Rg5 36. Bd2 Rgb5 37. Bc3 Rg5 38. Bd2 Rbb5 39. Nc4 Bxd2 40. Nd6+ Ke7 41. Nxb5 Rxb5 42. Kxd2 Rxb2+ 43. Ke3 Bxa2 44. Rgd1 Kd6 45. Rd2 Rxd2 46. Kxd2 Bb3 47. Kc3 Kc5 48. g3 g5 49. gxh4 gxh4 50. Rg1 Be6 51. Rg6 Bxh3 52. Rxf6 Bf1 53. Rf4 h3 54. Rxa4 Kd5 55. Kd2 Ke5 56. Ke3 Kf5 57. f3 Kg5 58. Rg4+ Kh5 59. Rg8 Kh4 60. Kf4 Kh5 61. d4 Bg2 62. Ke4 1-0

[Event "GER-ch 92nd"]
[Site "Magdeburg"]
[Date "2021.07.30"]
[Round "8"]
[White "Wachinger, Nikolas"]
[Black "Hess, Max"]
[Result "1/2-1/2"]
[WhiteElo "2355"]
[BlackElo "2413"]
[EventDate "2021.07.25"]
[PlyCount "106"]

1. e4 c5 2. Nf3 e6 3. d4 cxd4 4. Nxd4 Nc6 5. Nc3 Qc7 6. Be3 a6 7. Qf3 Ne5 8. Qg3 h5 9. Bf4 d6 10. h4 Nf6 11. O-O-O Bd7 12. Nf3 Nfg4 13. Kb1 Rc8 14. Be2 g6 15. Nxe5 Nxe5 16. Rd2 Be7 17. Rhd1 Rd8 18. Bg5 f6 19. Be3 Kf7 20. f4 Nc4 21. Bxc4 Qxc4 22. e5 d5 23. exf6 Bxf6 24. Bd4 Bxd4 25. Rxd4 Qc7 26. Ne2 Rhe8 27. Ng1 e5 28. fxe5 Qxe5 29. Qxe5 Rxe5 30. Nf3 Rf5 31. Rxd5 Rxd5 32. Rxd5 Ke6 33. Rd2 Rf8 34. b3 Rf4 35. Ng5+ Ke7 36. g3 Rf1+ 37. Kb2 Rg1 38. Rd3 Bf5 39. Re3+ Kf6 40. a4 Rg2 41. Rc3 a5 42. Nh7+ Ke5 43. Ng5 Kf6 44. Nh7+ Ke5 45. Ng5 Kd5 46. Nf7 b6 47. Ng5 Rg1 48. Rf3 Rg2 49. Rc3 Kd6 50. Nf7+ Ke6 51. Ng5+ Kd5 52. Nf7 Rg1 53. Ng5 Rg2 1/2-1/2